Bosina : (Record no. 131192)

MARC details
000 -LEADER
fixed length control field 00654nam a22002297a 4500
005 - DATE AND TIME OF LATEST TRANSACTION
control field 20170124110124.0
010 ## - LIBRARY OF CONGRESS CONTROL NUMBER
LC control number A-682098
020 ## - INTERNATIONAL STANDARD BOOK NUMBER
Terms of availability 00.00
International Standard Book Number 0333616774
037 ## - SOURCE OF ACQUISITION
Source of stock number/acquisition Cen Lib/Ret
040 ## - CATALOGING SOURCE
Original cataloging agency DPL
Language of cataloging EN
082 ## - DEWEY DECIMAL CLASSIFICATION NUMBER
Classification number 949.742
Item number MAL
100 ## - MAIN ENTRY--PERSONAL NAME
Personal name Malcolm, Noel
9 (RLIN) 31102
245 ## - TITLE STATEMENT
Title Bosina :
Statement of responsibility, etc by Noel Malcolm
Remainder of title a short history /
260 ## - PUBLICATION, DISTRIBUTION, ETC. (IMPRINT)
Place of publication, distribution, etc London
Name of publisher, distributor, etc Macmillan
Date of publication, distribution, etc 1994
270 ## - ADDRESS
Address Cavaye Place
City London
300 ## - PHYSICAL DESCRIPTION
Extent xxiv,340p.
Dimensions 20cm(Hb)
500 ## - GENERAL NOTE
General note Includes bibliographical reference and index
650 ## - SUBJECT ADDED ENTRY--TOPICAL TERM
Topical term or geographic name as entry element Bosina
9 (RLIN) 31103
650 ## - SUBJECT ADDED ENTRY--TOPICAL TERM
Topical term or geographic name as entry element Jurisprudence
9 (RLIN) 31104
700 ## - ADDED ENTRY--PERSONAL NAME
9 (RLIN) 30706
942 ## - ADDED ENTRY ELEMENTS (KOHA)
Source of classification or shelving scheme Dewey Decimal Classification
Koha item type English Books
Classification part 949.742
Call number suffix MAL
Holdings
Withdrawn status Lost status Damaged status Not for loan Home library Current library Date acquired Source of acquisition Cost, normal purchase price Total Checkouts Full call number Barcode Date last seen Copy number Cost, replacement price Price effective from Koha item type
        Central Library Central Library 13/07/2015 Cen Lib/Ret 0.00   949.742 MAL A-682098 13/07/2015 1 0.00 13/07/2015 English Books

© Delhi Public Library
Hit Counter
free hit counter